Daily Capital City Riddle #161 - Statistics

General Stats
  • This quiz has been taken 29 times
  • The average score is 32 of 34
Answer Stats
Type Answer % Correct
Found Letter A
100%
Alphabet Letter B
100%
Alphabet Letter D
100%
Alphabet Letter H
100%
Alphabet Letter I
100%
Alphabet Letter U
100%
Correctly Placed Letter A
96%
Alphabet Letter C
96%
Found Letter E
96%
Alphabet Letter G
96%
Alphabet Letter L
96%
Found Letter N
96%
Found Letter O
96%
Alphabet Letter P
96%
Alphabet Letter R
96%
Found Letter S
96%
Alphabet Letter T
96%
Alphabet Letter W
96%
Alphabet Letter Z
96%
Alphabet Letter K
92%
Alphabet Letter M
92%
Correctly Placed Letter N
92%
Alphabet Letter V
92%
Alphabet Letter X
92%
Alphabet Letter Y
92%
Correctly Placed Letter O
88%
Correctly Placed Letter S
88%
Correctly Placed Letter É
85%
Alphabet Letter F
85%
Correctly Placed Letter J
85%
Found Letter J
85%
Alphabet Letter Q
85%
Correctly Placed Letter S
85%
Mystery Capital San José
85%
No matching quizzes found
Score Distribution
Percent of People with Each Score
Percentile by Number Answered
Your Score History
You have not taken this quiz